000 00916nam a22002177a 4500
005 20240404170431.0
010 _aHIN-127263
020 _a9788195134441
_c295.00
035 _aHN-99609
037 _bDBAD
082 _2
100 _aनईमी,मिखाइल
_964320
245 _aभटकती रूह की समृतिया/
_cमिखाइल नईमी;जंग बहादुर गोयल और नीलम गोयल
250 _a1
260 _aपंचकूला हरियाणा
_bआधार प्रकाशन
_c2021
270 _aएस सी एफ 267 सेक्टर 16 पंचकूला
_bहरियाणा
_e134113
300 _a120 पृ;
_c23 cm(सजिल्द)
700 _a गोयल,जंग बहादुर
_964296
700 _aगोयल,नीलम
_964297
942 _2ddc
_cHN
_h
_mनईमी
999 _c201924
_d201924